[Event "13.Città di Padova Open B"]
[Site "Padova"]
[Date "2010.12.18"]
[Round "4.8"]
[White "Lavric, Mihail"]
[Black "Zanchetta, Nicola"]
[Result "1-0"]
[WhiteElo "2044"]
[BlackElo "1857"]
[Annotator "Gabriele Ballarin"]
[PlyCount "160"]
[EventDate "2010.12.11"]
[EventType "swiss"]
[EventRounds "6"]
[EventCountry "ITA"]

1. d4 d5 2. c4 e6 3. Nf3 Nf6 4. Nc3 c6 5. e3 Nbd7 6. Bd3 dxc4 7. Bxc4 b5 8. Bd3 Bd6 9. e4 e5 10. O-O O-O 11. h3 Bb7 12. Re1 Re8 13. a3 Qc7 14. Be3 a6 15. Rc1 Rad8 16. Qc2 exd4 17. Nxd4 c5 18. Nf5 c4 19. Nd5 Bxd5 20. exd5 cxd3 21. Qxc7 Bxc7 22. Rxc7 Nxd5 23. Ra7 Nxe3 24. Nxe3 d2 25. Rd1 Nc5 26. Rc7 Nb3 27. Rc3 Nd4 28. Kf1 f5 29. Rxd2 f4 30. Nc2 Nxc2 31. Rxd8 Rxd8 32. Rxc2 Rd6 33. Ke2 g5 34. Rc7 h5 35. Rc5 Rg6 36. Kf3 Kg7 37. Ke4 Kh6 38. Kd5 g4 39. h4 f3 40. g3 Rf6 41. b4 Kg6 42. Ke5 Rb6 43. Rc8 a5 44. Kd5 axb4 45. axb4 Rb7 46. Rc6+ Kf7 47. Rh6 Rd7+ 48. Kc6 Rd2 49. Rxh5 Rxf2 50. Rf5+ Ke6 51. Rf4 Ke5 52. Rxg4 Rg2 53. Kxb5 f2 54. Rf4 Rxg3 55. Rxf2 Rh3 56. Rd2 Rxh4 57. Kc5 Ke6 58. b5 Rh1 59. b6 Rc1+ 60. Kb5 Rb1+ 61. Kc6 Rc1+ 62. Kb7 Ra1 63. Kb8 Ke7 64. Rd5 Ra2 65. Kb7 Ke6 66. Rc5 Kd7 67. Rc7+ Kd8 68. Rc4 Ra1 69. Rd4+ Ke7 70. Kb8 Ke8 71. Rd6 Ke7 72. Kc7 Rb1 73. Rc6 Ra1 74. b7 Ra7 75. Kc8 Rxb7 76. Kxb7 Kd7 77. Rh6 Ke7 78. Kc6 Kf7 79. Kd5 Ke7 80. Ra6 Kf7 1-0

[Event "13.Città di Padova Open B"]
[Site "Padova"]
[Date "2010.12.18"]
[Round "4.24"]
[White "Alba, Riccardo"]
[Black "Bettera, Roberto"]
[Result "1/2-1/2"]
[WhiteElo "1655"]
[BlackElo "2009"]
[Annotator "Roberto Bettera"]
[PlyCount "61"]
[EventDate "2010.12.11"]
[EventType "swiss"]
[EventRounds "6"]
[EventCountry "ITA"]

1. e4 c5 2. Nc3 Nc6 3. Nf3 e6 4. d4 cxd4 5. Nxd4 Nf6 6. Be2 d6 7. O-O a6 8. Bf3 Qc7 9. Bg5 Be7 10. Nxc6 bxc6 11. Re1 O-O 12. Qe2 e5 13. Qe3 h6 14. Bh4 Be6 15. Rad1 Rab8 16. b3 g5 (16... Rfd8) 17. Bg3 Nh7 18. Qe2 Qa5 19. Na4 Nf6 20. Qe3 Rfc8 21. Be2 c5 22. h4 Nh7 23. hxg5 hxg5 24. Nc3 Nf8 25. a4 c4 (25... Ng6) 26. Nd5 Bxd5 27. exd5 cxb3 28. cxb3 Rc3 29. Qa7 Qc7 30. Qxc7 Rxc7 31. Bxa6 1/2-1/2

[Event "13.Città di Padova Open B"]
[Site "Padova"]
[Date "2010.12.19"]
[Round "5.20"]
[White "Zanchetta, Nicola"]
[Black "Solinas, Roberto"]
[Result "0-1"]
[WhiteElo "1857"]
[BlackElo "1729"]
[Annotator "Gabriele Ballarin"]
[PlyCount "132"]
[EventDate "2010.12.11"]
[EventType "swiss"]
[EventRounds "6"]
[EventCountry "ITA"]

1. e4 c6 2. d4 d5 3. e5 Bf5 4. Be3 e6 5. g4 Bg6 6. h4 h6 7. h5 Bh7 8. Bd3 Bxd3 9. Qxd3 Qb6 10. Qb3 Nd7 11. Nd2 Qxb3 12. Nxb3 b6 13. f4 c5 14. Ne2 c4 15. Nd2 Ne7 16. Ng3 f6 17. c3 O-O-O 18. O-O-O Nc6 19. Nf3 b5 20. a3 a5 21. Bd2 b4 22. cxb4 axb4 23. axb4 Bxb4 24. Bc3 fxe5 25. Nxe5 Ndxe5 26. fxe5 Rhf8 27. Rhf1 Kd7 28. Ne2 Be7 29. Kc2 Rxf1 30. Rxf1 Rf8 31. Rxf8 Bxf8 32. b3 cxb3+ 33. Kxb3 Be7 34. Bd2 Bd8 35. Ka4 Be7 36. Kb5 Nb8 37. Bb4 Bxb4 38. Kxb4 Nc6+ 39. Kc5 Na5 40. Kb5 Nc4 41. Kc5 Ne3 42. Nf4 Nxg4 43. Nxd5 exd5 44. Kxd5 Ke7 45. Ke4 Nf2+ 46. Kf5 Nd3 47. d5 Nc5 48. Kf4 Nd3+ 49. Ke4 Nc5+ 50. Kd4 Nd7 51. Ke4 Nc5+ 52. Ke3 Nd7 53. Kd4 Nf8 54. Kc5 g5 55. hxg6 Nxg6 56. Kd4 h5 57. Ke4 h4 58. e6 Kd6 59. Kf5 h3 60. Kxg6 h2 61. Kf7 h1=Q 62. e7 Qh7+ 63. Kf8 Qxe7+ 64. Kg8 Kxd5 65. Kh8 Ke5 66. Kg8 Kf6 0-1

[Event "13.Città di Padova Open B"]
[Site "Padova"]
[Date "2010.12.19"]
[Round "5.25"]
[White "Bettera, Roberto"]
[Black "Facchin, Francesco"]
[Result "1-0"]
[WhiteElo "2009"]
[BlackElo "1617"]
[Annotator "Roberto Bettera"]
[PlyCount "61"]
[EventDate "2010.12.11"]
[EventType "swiss"]
[EventRounds "6"]
[EventCountry "ITA"]

1. d4 Nf6 2. c4 e6 3. Nf3 c5 4. d5 exd5 5. cxd5 d6 6. Nc3 Be7 7. e4 Nbd7 8. Be2 O-O 9. O-O a6 10. a4 Re8 11. Nd2 Ne5 12. f4 Ng6 13. Nc4 Nd7 14. g3 Nb6 15. Ne3 Bf6 16. Bf3 Bd4 17. Kh1 Bd7 18. Qb3 Qc7 19. a5 Nc8 20. Nc4 f5 21. e5 dxe5 22. d6 Nxd6 23. Nxd6+ Be6 24. Nxe8 Rxe8 25. Qxb7 Qd6 26. Qc6 Rd8 27. Qxd6 Rxd6 28. fxe5 Nxe5 29. Bf4 Bc4 30. Bxe5 Bxe5 31. Rfd1 1-0

[Event "13.Città di Padova Open B"]
[Site "Padova"]
[Date "2010.12.19"]
[Round "6.16"]
[White "Zerilli, Davide"]
[Black "Bettera, Roberto"]
[Result "1/2-1/2"]
[WhiteElo "1596"]
[BlackElo "2009"]
[Annotator "Gabriele Ballarin"]
[PlyCount "115"]
[EventDate "2010.12.11"]
[EventType "swiss"]
[EventRounds "6"]
[EventCountry "ITA"]

1. c4 Nf6 2. Nc3 g6 3. g3 Bg7 4. Bg2 d6 5. e3 c6 6. Nge2 e5 7. b3 O-O 8. Ba3 Re8 9. O-O Qc7 10. d4 e4 11. Rc1 a6 12. d5 c5 13. Bb2 Bf5 14. a4 Nbd7 15. Nb1 Rab8 16. Nd2 Ne5 17. Bc3 Qd7 18. Qc2 Nd3 19. Rb1 Qe7 20. Nf4 Nxf4 21. gxf4 b5 22. Rfe1 Ng4 23. Bxg7 Kxg7 24. h3 Nf6 25. Qc3 Rb6 26. cxb5 axb5 27. a5 Ra6 28. Ra1 Kg8 29. Qb2 Nxd5 30. Bf1 Rb8 31. Nc4 Raa8 (31... bxc4 32. Bxc4 Qb7 33. Bxa6 Qxa6 34. Red1 Be6 (34... Nb4)) 32. Nb6 Nxb6 33. axb6 Qd7 34. Rxa8 Rxa8 35. Ra1 Rb8 36. Ra7 Qd8 37. Qa1 Rxb6 38. Qa5 Rb8 39. Bxb5 Qxa5 40. Rxa5 Bxh3 41. Bc4 Be6 42. Ra6 Rd8 43. Rb6 Kf8 44. Bxe6 fxe6 45. Rb7 d5 46. Rxh7 d4 47. Kf1 d3 48. Ke1 Ke8 49. Rc7 Rd5 50. Kd2 g5 51. fxg5 Rxg5 52. b4 cxb4 53. Rb7 Rc5 54. Rxb4 Rc2+ 55. Ke1 Re2+ 56. Kf1 Ra2 57. Ke1 Re2+ 58. Kf1 1/2-1/2

[Event "13.Città di Padova Open B"]
[Site "Padova"]
[Date "2010.12.19"]
[Round "6.23"]
[White "Desideri, Pietro"]
[Black "Zanchetta, Nicola"]
[Result "0-1"]
[WhiteElo "1440"]
[BlackElo "1857"]
[Annotator "Gabriele Ballarin"]
[PlyCount "102"]
[EventDate "2010.12.11"]
[EventType "swiss"]
[EventRounds "6"]
[EventCountry "ITA"]

1. e4 c5 2. Nf3 e6 3. d4 cxd4 4. Nxd4 Bc5 5. Nb3 Bb6 6. c4 Qh4 7. Qf3 Nf6 8. c5 Bc7 9. Nc3 Nc6 10. g3 Ne5 11. Qe2 Qg4 12. Qxg4 Nfxg4 13. f4 Nf3+ 14. Ke2 Nfxh2 15. Bg2 h5 16. Bd2 b6 17. Nb5 Ba6 18. N3d4 bxc5 19. Ke1 Bxb5 20. Nxb5 Kd8 21. Bc3 f6 22. e5 Rb8 23. exf6 Rxb5 24. fxg7 Rg8 25. Be4 Ba5 26. f5 Rxg7 27. Bxa5+ Rxa5 28. fxe6 dxe6 29. Kd2 Rd7+ 30. Kc3 Nf2 31. Bc6 Nxh1 32. Bxd7 Kxd7 33. Rxh1 Ng4 34. Rxh5 Kd6 35. a3 Nf6 36. Rh4 Nd5+ 37. Kd3 Rb5 38. Rh2 Rb3+ 39. Kc4 Rxg3 40. Kb5 Rb3+ 41. Ka6 Nc7+ 42. Ka5 Rb6 43. Ka4 c4 44. Rd2+ Kc5 45. b4+ cxb3 46. Rd1 b2 47. Rd7 Ra6+ 48. Kb3 b1=Q+ 49. Kc3 Rxa3+ 50. Kd2 Qb2+ 51. Ke1 Ra1+ 0-1

[Event "13.Città di Padova Open A"]
[Site "Padova Ex Fornace Carotta"]
[Date "2010.12.12"]
[Round "1.1"]
[White "Milazzo, Mario"]
[Black "Zaja, Ivan"]
[Result "0-1"]
[WhiteElo "2069"]
[BlackElo "2489"]
[Annotator "Gabriele Ballarin"]
[PlyCount "72"]
[EventDate "2010.12.12"]
[EventType "swiss"]
[EventRounds "9"]
[EventCountry "ITA"]

1. d4 e6 2. c4 b6 3. Nc3 Bb4 4. a3 Bxc3+ 5. bxc3 Bb7 6. Nf3 Nf6 7. Bg5 h6 8. Bf4 d6 9. e3 Nbd7 10. Be2 g5 11. Bg3 Ne4 12. Rc1 h5 13. h3 h4 14. Bh2 f5 15. Ng1 Qf6 16. Bf3 O-O-O 17. Ne2 g4 18. Bxe4 Bxe4 19. Rg1 Rhg8 20. Kd2 e5 21. Qa4 Kb8 22. Rcf1 gxh3 23. gxh3 Rg2 24. Rxg2 Bxg2 25. Rg1 Bf3 26. Nc1 f4 27. Nd3 fxe3+ 28. fxe3 Be4 29. Qd1 Bxd3 30. Kxd3 Qf5+ 31. Kd2 Nc5 32. Qc2 Qf2+ 33. Kc1 Qxe3+ 34. Kb1 exd4 35. cxd4 Qxd4 36. Rg4 Qe3 0-1

[Event "13.Città di Padova Open A"]
[Site "Padova Ex Fornace Carotta"]
[Date "2010.12.12"]
[Round "1.2"]
[White "Lazic, Miroljub"]
[Black "Teodonio, Fabrizio"]
[Result "1-0"]
[WhiteElo "2480"]
[BlackElo "2002"]
[Annotator "Gabriele Ballarin"]
[PlyCount "59"]
[EventDate "2010.12.12"]
[EventType "swiss"]
[EventRounds "9"]
[EventCountry "ITA"]

1. e4 c5 2. Nc3 Nc6 3. g3 g6 4. Bg2 Bg7 5. d3 e6 6. Be3 d6 7. Qd2 Qa5 8. f4 Nge7 9. Nf3 Nd4 10. O-O O-O 11. a3 Bd7 12. Rae1 Nec6 13. Nh4 b5 14. f5 exf5 15. exf5 gxf5 16. Bh6 Qd8 17. Nd5 Ne5 18. Bxg7 Kxg7 19. Ne3 Rc8 20. c3 Ndc6 21. Nexf5+ Bxf5 22. Nxf5+ Kh8 23. Bxc6 Rxc6 24. d4 Ng6 25. h4 Rc7 26. Qh6 Rg8 27. Re2 cxd4 28. cxd4 d5 29. Ref2 Qf6 30. h5 1-0

[Event "13.Città di Padova Open A"]
[Site "Padova Ex Fornace Carotta"]
[Date "2010.12.12"]
[Round "1.3"]
[White "Zuttioni, Federico"]
[Black "Collutiis, Duilio"]
[Result "1-0"]
[WhiteElo "1968"]
[BlackElo "2473"]
[Annotator "Gabriele Ballarin"]
[PlyCount "123"]
[EventDate "2010.12.12"]
[EventType "swiss"]
[EventRounds "9"]
[EventCountry "ITA"]

1. e4 c5 2. Nf3 Nc6 3. Nc3 e6 4. g3 d5 5. Bg2 Nf6 6. exd5 exd5 7. d4 Bg4 8. dxc5 d4 9. Qe2+ Be7 10. Ne4 O-O 11. O-O Re8 12. Nxf6+ Bxf6 13. Qb5 Qd7 14. Bf4 Bf5 15. Rac1 a6 16. Qc4 Rac8 17. Rfd1 h6 18. a3 d3 19. cxd3 Bxb2 20. Rb1 Bxa3 21. Qc3 g5 22. Be3 Bb4 23. Rxb4 Nxb4 24. Qxb4 Bg4 25. Rc1 a5 26. Qxa5 Qxd3 27. Qc3 Qxc3 28. Rxc3 Bd7 29. Nd4 Re5 30. Nb3 Bc6 31. Bxc6 Rxc6 32. Rd3 Kf8 33. Rd7 Re7 34. Rxe7 Kxe7 35. Kg2 Ra6 36. Kf3 f5 37. Nd4 Kf6 38. Nb5 Ra2 39. Nd6 Ra3 40. Nxb7 Ke5 41. Nd6 Rb3 42. Nf7+ Kf6 43. Nxh6 Kg6 44. h4 f4 45. gxf4 gxf4 46. Kxf4 Kxh6 47. Kg4+ Kg6 48. h5+ Kf6 49. Bd4+ Ke6 50. Kg5 Rd3 51. Be3 Rd8 52. h6 Rg8+ 53. Kf4 Rg6 54. Ke4 Rg4+ 55. Bf4 Rg1 56. c6 Re1+ 57. Kf3 Kf5 58. Be3 Ke6 59. c7 Kd7 60. Bf4 Rh1 61. Kg4 Rf1 62. Bg3 1-0

[Event "13.Città di Padova Open A"]
[Site "Padova Ex Fornace Carotta"]
[Date "2010.12.12"]
[Round "1.4"]
[White "Laketic, Gojko"]
[Black "Litrico, Paolo"]
[Result "1/2-1/2"]
[WhiteElo "2459"]
[BlackElo "1946"]
[Annotator "Gabriele Ballarin"]
[PlyCount "39"]
[EventDate "2010.12.12"]
[EventType "swiss"]
[EventRounds "9"]
[EventCountry "ITA"]

1. d4 f5 2. g3 Nf6 3. Bg2 g6 4. Nd2 Bg7 5. e4 fxe4 6. Nxe4 O-O 7. Nxf6+ Bxf6 8. Nf3 d6 9. O-O Nc6 10. c3 Bg4 11. h3 Bxf3 12. Bxf3 e5 13. d5 Ne7 14. c4 Nf5 15. Bg2 Bg5 16. h4 Bxc1 17. Rxc1 b6 18. Be4 Qf6 19. Rc3 Nd4 20. Kg2 1/2-1/2

[Event "13.Città di Padova Open A"]
[Site "Padova Ex Fornace Carotta"]
[Date "2010.12.12"]
[Round "1.5"]
[White "Giuriato, Sergio"]
[Black "Genocchio, Daniele"]
[Result "0-1"]
[WhiteElo "1934"]
[BlackElo "2433"]
[Annotator "Gabriele Ballarin"]
[PlyCount "60"]
[EventDate "2010.12.12"]
[EventType "swiss"]
[EventRounds "9"]
[EventCountry "ITA"]

1. d4 g6 2. Nf3 Bg7 3. g3 c5 4. Bg2 cxd4 5. Nxd4 Nc6 6. Nb3 Nf6 7. O-O O-O 8. Nc3 d6 9. h3 Be6 10. e4 a5 11. Be3 Qd7 12. Kh2 Bc4 13. Re1 a4 14. Nd4 Ra5 15. g4 Nxd4 16. Bxd4 h5 17. Nd5 Bxd5 18. exd5 hxg4 19. Qd2 b6 20. h4 Qf5 21. c4 Ra7 22. b4 Qh5 23. Bxb6 Rb8 24. Be3 Nd7 25. Rac1 Ne5 26. f4 gxf3 27. Bh3 Qxh4 28. Rg1 Nxc4 29. Rxc4 Qxc4 30. Rg4 Qe2+ 0-1

[Event "13.Città di Padova Open A"]
[Site "Padova Ex Fornace Carotta"]
[Date "2010.12.12"]
[Round "1.6"]
[White "Mrdja, Milan"]
[Black "Isatto, Davide"]
[Result "0-1"]
[WhiteElo "2418"]
[BlackElo "1931"]
[Annotator "Gabriele Ballarin"]
[PlyCount "91"]
[EventDate "2010.12.12"]
[EventType "swiss"]
[EventRounds "9"]
[EventCountry "ITA"]

1. e4 e6 2. d4 d5 3. Nc3 dxe4 4. Nxe4 Bd7 5. Nf3 Bc6 6. Bd3 Nd7 7. Qe2 Ngf6 8. Neg5 Bd6 9. Ne5 O-O 10. Nxc6 bxc6 11. O-O c5 12. dxc5 Nxc5 13. Bc4 h6 14. Nf3 c6 15. Rd1 Qc7 16. Bd2 Rae8 17. b4 Ncd7 18. h3 e5 19. Nh4 e4 20. Nf5 Be5 21. Rab1 Nb6 22. Bb3 Nbd5 23. c4 Nf4 24. Bxf4 Bxf4 25. c5 Rd8 26. g3 Be5 27. Kg2 Nd5 28. Qxe4 Nc3 29. Qg4 Nxd1 30. Bxd1 Kh7 31. Bc2 g6 32. Nh4 Rg8 33. Nf3 Bf6 34. h4 Qd7 35. Qf4 Kg7 36. a4 h5 37. b5 cxb5 38. axb5 Qd5 39. c6 Rge8 40. Qb4 Re2 41. Rd1 Qa2 42. Rxd8 Bxd8 43. c7 Bxc7 44. Qd4+ Kg8 45. Bxg6 fxg6 46. Qd5+ 0-1

[Event "13.Città di Padova Open A"]
[Site "Padova Ex Fornace Carotta"]
[Date "2010.12.12"]
[Round "1.7"]
[White "Antoniacci, Ricardo"]
[Black "Manca, Federico"]
[Result "0-1"]
[WhiteElo "1923"]
[BlackElo "2405"]
[Annotator "Gabriele Ballarin"]
[PlyCount "54"]
[EventDate "2010.12.12"]
[EventType "swiss"]
[EventRounds "9"]
[EventCountry "ITA"]

1. e4 e5 2. f4 d5 3. exd5 e4 4. d3 Nf6 5. Nd2 exd3 6. Bxd3 Nxd5 7. Nb3 Nb4 8. Qe2+ Be7 9. Be4 O-O 10. Bd2 c5 11. O-O-O Qc7 12. a3 c4 13. Nd4 c3 14. axb4 cxd2+ 15. Qxd2 Na6 16. Ngf3 Nxb4 17. c3 Bg4 18. h3 Bxf3 19. gxf3 Bf6 20. Qe3 Rfd8 21. Nf5 Qa5 22. Rd6 Rxd6 23. Nxd6 Rd8 24. Rd1 g6 25. Bb1 Nd5 26. Qd2 Rxd6 27. f5 Be5 0-1

[Event "13.Città di Padova Open A"]
[Site "Padova Ex Fornace Carotta"]
[Date "2010.12.12"]
[Round "1.9"]
[White "Di Lazzaro, Gabriele"]
[Black "Solomon, Kenny"]
[Result "0-1"]
[WhiteElo "1901"]
[BlackElo "2215"]
[Annotator "Gabriele Ballarin"]
[PlyCount "76"]
[EventDate "2010.12.12"]
[EventType "swiss"]
[EventRounds "9"]
[EventCountry "ITA"]

1. e4 c5 2. Nf3 e6 3. c3 Nf6 4. e5 Nd5 5. d4 cxd4 6. cxd4 d6 7. Bc4 Nc6 8. O-O Be7 9. Qe2 O-O 10. Nc3 Nxc3 11. bxc3 dxe5 12. dxe5 b6 13. Rd1 Qc7 14. Bd3 Bb7 15. Qe4 g6 16. Qe2 Rfd8 17. Bh6 Rd7 18. h4 Rad8 19. h5 Rd5 20. hxg6 hxg6 21. Bf4 R8d7 22. Be4 Rxd1+ 23. Rxd1 Rxd1+ 24. Qxd1 Na5 25. Bxb7 Qxb7 26. Qc1 Qd5 27. Bg5 Bxg5 28. Qxg5 Nc6 29. Qf6 Qxa2 30. Qh4 Qa1+ 31. Kh2 Qxc3 32. Qf4 b5 33. g3 Qb4 34. Qh6 Qc5 35. Kg2 Qd5 36. Qe3 b4 37. Qe1 b3 38. Qa1 Nxe5 0-1

[Event "13.Città di Padova Open A"]
[Site "Padova Ex Fornace Carotta"]
[Date "2010.12.12"]
[Round "1.10"]
[White "Dragojlovic, Andjelko"]
[Black "Binder, Andrea"]
[Result "1-0"]
[WhiteElo "2395"]
[BlackElo "1898"]
[Annotator "Gabriele Ballarin"]
[PlyCount "61"]
[EventDate "2010.12.12"]
[EventType "swiss"]
[EventRounds "9"]
[EventCountry "ITA"]

1. e4 d6 2. d4 Nf6 3. Nc3 g6 4. Be2 Bg7 5. h4 c5 6. dxc5 Qa5 7. Qd3 Qxc5 8. h5 gxh5 9. Be3 Qa5 10. Nh3 Nc6 11. O-O-O Bd7 12. Qb5 Qxb5 13. Nxb5 Rc8 14. f3 Nb4 15. Nc3 a5 16. Kb1 Rg8 17. a3 Na6 18. Bb6 Bh6 19. Bf1 a4 20. Nd5 Nxd5 21. Rxd5 Rc6 22. Bf2 Bg7 23. Rxh5 Nc5 24. c3 Rb6 25. Kc2 Bb5 26. Bxc5 dxc5 27. Rxc5 Bd7 28. Nf4 h6 29. Nd5 Rd6 30. Ra5 f6 31. Ra8+ 1-0

[Event "13.Città di Padova Open A"]
[Site "Padova Ex Fornace Carotta"]
[Date "2010.12.12"]
[Round "1.11"]
[White "Bozzao, Francesco"]
[Black "Kizov, Atanas"]
[Result "0-1"]
[WhiteElo "1881"]
[BlackElo "2374"]
[Annotator "Gabriele Ballarin"]
[PlyCount "62"]
[EventDate "2010.12.12"]
[EventType "swiss"]
[EventRounds "9"]
[EventCountry "ITA"]

1. e4 e5 2. Nf3 Nc6 3. Bb5 a6 4. Ba4 Nf6 5. O-O b5 6. Bb3 Bb7 7. d3 Bd6 8. c3 O-O 9. Re1 h6 10. Nbd2 Re8 11. Nf1 Bf8 12. Ng3 Na5 13. Bc2 c5 14. a4 d5 15. exd5 Qxd5 16. axb5 axb5 17. Ne4 Nd7 18. Bd2 b4 19. c4 Qe6 20. Ba4 Bc6 21. b3 g6 22. Bxc6 Nxc6 23. Qc1 f5 24. Ng3 Kh7 25. h3 Bg7 26. Rxa8 Rxa8 27. Qc2 Qd6 28. Kf1 Nf8 29. Rb1 Ne6 30. Ne2 Rd8 31. Ne1 e4 0-1

[Event "13.Città di Padova Open A"]
[Site "Padova Ex Fornace Carotta"]
[Date "2010.12.12"]
[Round "1.12"]
[White "Voiska, Margarita"]
[Black "Bondielli, Giorgio"]
[Result "1-0"]
[WhiteElo "2320"]
[BlackElo "1872"]
[Annotator "Gabriele Ballarin"]
[PlyCount "39"]
[EventDate "2010.12.12"]
[EventType "swiss"]
[EventRounds "9"]
[EventCountry "ITA"]

1. Nf3 d5 2. d4 Nf6 3. Bf4 Bf5 4. c4 Nc6 5. Nc3 e6 6. c5 Be7 7. Nh4 O-O 8. Nxf5 exf5 9. e3 Ne4 10. Bd3 g5 11. Bg3 Kh8 12. f3 Nxg3 13. hxg3 Qd7 14. Qb1 Qe6 15. Kf2 f4 16. Rxh7+ Kg8 17. gxf4 gxf4 18. exf4 Nxd4 19. Qh1 Bf6 20. Rh8+ 1-0

[Event "13.Città di Padova Open A"]
[Site "Padova Ex Fornace Carotta"]
[Date "2010.12.12"]
[Round "1.13"]
[White "Belloni, Umberto"]
[Black "De Santis, Alessio"]
[Result "0-1"]
[WhiteElo "1866"]
[BlackElo "2293"]
[Annotator "Gabriele Ballarin"]
[PlyCount "80"]
[EventDate "2010.12.12"]
[EventType "swiss"]
[EventRounds "9"]
[EventCountry "ITA"]

1. d4 f5 2. Qd3 d5 3. c4 e6 4. c5 b6 5. b4 a5 6. cxb6 Bxb4+ 7. Bd2 Bxd2+ 8. Nxd2 cxb6 9. Qg3 Qe7 10. e3 Nf6 11. Rb1 Nbd7 12. Bb5 O-O 13. Ngf3 Ba6 14. Bxa6 Rxa6 15. O-O Raa8 16. Rfc1 Rac8 17. Ne5 Qa3 18. Nc6 Kh8 19. Nf3 Ne4 20. Qh4 Qxa2 21. Ne7 Rxc1+ 22. Rxc1 Qa3 23. Rf1 Re8 24. Ng6+ Kg8 25. Nge5 Nxe5 26. Nxe5 b5 27. Qh5 Rf8 28. Nd7 Nf6 29. Nxf6+ gxf6 30. g4 Qd3 31. g5 fxg5 32. Rc1 f4 33. Qxg5+ Qg6 34. Qxg6+ hxg6 35. Rc5 Rb8 36. Kf1 a4 37. Ke1 a3 38. Kd1 a2 39. Rc1 b4 40. Kc2 Rc8+ 0-1

[Event "13.Città di Padova Open A"]
[Site "Padova Ex Fornace Carotta"]
[Date "2010.12.12"]
[Round "1.14"]
[White "Santolini, Luigi"]
[Black "Militello, Michele"]
[Result "1-0"]
[WhiteElo "2235"]
[BlackElo "1817"]
[Annotator "Gabriele Ballarin"]
[PlyCount "123"]
[EventDate "2010.12.12"]
[EventType "swiss"]
[EventRounds "9"]
[EventCountry "ITA"]

1. d4 d6 2. c4 Nf6 3. Nc3 Nbd7 4. Nf3 e5 5. g3 Be7 6. Bg2 O-O 7. e4 c6 8. O-O Re8 9. h3 a6 10. d5 Nc5 11. Qe2 a5 12. dxc6 bxc6 13. Rd1 Qc7 14. b3 Bd7 15. Qc2 Ne6 16. Be3 Rec8 17. Kh2 Qb7 18. c5 Nxc5 19. Bxc5 dxc5 20. Nxe5 Be8 21. Na4 Qb5 22. Rac1 Rd8 23. Bf1 Qb4 24. Bc4 Rxd1 25. Rxd1 Rc8 26. Nd3 Qb8 27. Ndxc5 h5 28. Be2 h4 29. Qc3 Bd6 30. Kg2 Be5 31. Qd3 hxg3 32. fxg3 Qc7 33. Qe3 Nh7 34. Nd3 Bf6 35. Qf4 Qe7 36. e5 Bg5 37. Qc4 Bd7 38. Nac5 Bf5 39. Bf3 Be3 40. Re1 Bd2 41. Re2 Bh6 42. Be4 Bxe4+ 43. Nxe4 Ng5 44. Nd6 Rc7 45. h4 Ne6 46. Rf2 Nd8 47. Nf5 Qe6 48. Qxe6 fxe6 49. Nxh6+ gxh6 50. Nc5 Re7 51. Rf6 Kg7 52. Kf3 Rf7 53. Rxf7+ Kxf7 54. Kf4 Kg7 55. a4 h5 56. Ke4 Kf7 57. b4 axb4 58. a5 b3 59. Kd3 b2 60. Kc2 Kg6 61. a6 Kf5 62. a7 1-0

[Event "13.Città di Padova Open A"]
[Site "Padova Ex Fornace Carotta"]
[Date "2010.12.12"]
[Round "1.15"]
[White "Zordan, Antonio"]
[Black "Schaefer, Michael"]
[Result "0-1"]
[WhiteElo "1778"]
[BlackElo "2232"]
[Annotator "Gabriele Ballarin"]
[PlyCount "66"]
[EventDate "2010.12.12"]
[EventType "swiss"]
[EventRounds "9"]
[EventCountry "ITA"]

1. e4 c5 2. c4 g6 3. Nf3 Bg7 4. d4 cxd4 5. Nxd4 Nc6 6. Be3 Nf6 7. Nc3 d6 8. f3 O-O 9. Be2 Bd7 10. O-O Nxd4 11. Bxd4 a5 12. f4 Bc6 13. Bf3 a4 14. Qe2 Qa5 15. e5 Nd7 16. Nd5 Bxd5 17. Bxd5 dxe5 18. fxe5 e6 19. Bxb7 Rab8 20. Bc6 Nxe5 21. Bb5 Nf3+ 22. Rxf3 Bxd4+ 23. Kf1 Qc7 24. g3 Rfd8 25. Rd1 e5 26. Rd2 Ra8 27. Ra3 Rd6 28. Qe4 Ra7 29. Rxa4 Rxa4 30. Bxa4 Qxc4+ 31. Qd3 Qxa4 32. b3 Qc6 33. Rg2 Rf6+ 0-1

[Event "13.Città di Padova Open A"]
[Site "Padova Ex Fornace Carotta"]
[Date "2010.12.12"]
[Round "1.16"]
[White "Gastiaburo, Hernan"]
[Black "Zanini, Andrea"]
[Result "1-0"]
[WhiteElo "2205"]
[BlackElo "1687"]
[Annotator "Gabriele Ballarin"]
[PlyCount "57"]
[EventDate "2010.12.12"]
[EventType "swiss"]
[EventRounds "9"]
[EventCountry "ITA"]

1. e4 d5 2. exd5 Nf6 3. Bb5+ Nbd7 4. c4 a6 5. Bxd7+ Bxd7 6. d4 e6 7. dxe6 Bxe6 8. d5 Bf5 9. Ne2 Bb4+ 10. Bd2 Bxd2+ 11. Nxd2 O-O 12. O-O Re8 13. Ng3 Bg6 14. Nf3 Ne4 15. Re1 Nxg3 16. hxg3 Rxe1+ 17. Qxe1 f6 18. Qb4 b6 19. Re1 a5 20. Qe7 Be8 21. Nd4 Qd7 22. Re6 Qa4 23. b3 Qxa2 24. Re4 Bg6 25. Ne6 Bf7 26. Rg4 Qb1+ 27. Kh2 Qf5 28. Rxg7+ Kh8 29. Qxf7 1-0

[Event "13.Città di Padova Open A"]
[Site "Padova Ex Fornace Carotta"]
[Date "2010.12.12"]
[Round "1.17"]
[White "Rizzo, Giuseppe"]
[Black "Boscolo, Federico Meneguolo"]
[Result "0-1"]
[WhiteElo "1671"]
[BlackElo "2179"]
[Annotator "Gabriele Ballarin"]
[PlyCount "54"]
[EventDate "2010.12.12"]
[EventType "swiss"]
[EventRounds "9"]
[EventCountry "ITA"]

1. d4 Nf6 2. Nf3 g6 3. Bf4 Bg7 4. e3 d6 5. Nbd2 O-O 6. h3 Nfd7 7. Bg3 Nc6 8. c3 e5 9. Be2 f5 10. Qb3+ Kh8 11. Bh4 Qe8 12. Ng5 Nf6 13. Bb5 exd4 14. cxd4 Nxd4 15. Bxe8 Nxb3 16. Nxb3 Rxe8 17. O-O h6 18. Nf3 Ne4 19. Nbd4 Bd7 20. Rfe1 c5 21. Ne2 Bc6 22. Rab1 a5 23. Red1 a4 24. Nd2 a3 25. Nc4 axb2 26. Nxd6 Nxd6 27. Rxd6 Be4 0-1

[Event "13.Città di Padova Open A"]
[Site "Padova Ex Fornace Carotta"]
[Date "2010.12.12"]
[Round "1.18"]
[White "Valenti, Giuseppe"]
[Black "De Marchi, Alessandro"]
[Result "1-0"]
[WhiteElo "2122"]
[BlackElo "1666"]
[Annotator "Gabriele Ballarin"]
[PlyCount "70"]
[EventDate "2010.12.12"]
[EventType "swiss"]
[EventRounds "9"]
[EventCountry "ITA"]

1. f4 d5 2. Nf3 Nf6 3. e3 c5 4. b3 Nc6 5. Bb2 Qb6 6. Be2 Bg4 7. O-O Rd8 8. Ne5 Bxe2 9. Qxe2 e6 10. f5 Be7 11. Ng4 d4 12. fxe6 fxe6 13. Nxf6+ Bxf6 14. Qh5+ Ke7 15. Na3 Rd5 16. Qh3 Na5 17. Rae1 Rd6 18. exd4 cxd4 19. Nb1 Nc4 20. Bc1 Ne5 21. Ba3 Qa6 22. Qg3 Nf7 23. d3 Rc8 24. Nd2 Rxc2 25. Nc4 Rxc4 26. bxc4 Qc6 27. Bb4 e5 28. a3 Kd8 29. Bxd6 Qxd6 30. Rb1 Qa6 31. Rb3 Nh6 32. Qf3 b6 33. c5 bxc5 34. Qd5+ Ke7 35. Rb7+ Kf8 1-0